02209cam a2200397 i 4500952015000000999001700150001000900167003000400176005001700180008004100197020001800238040000900256082002300265100003100288245013000319246003900449250002000488264003600508264001100544300000900555336002600564337002800590338002700618520074200645600001701387650005501404650003401459650002701493650005201520650004501572650004001617655002101657655002801678700005301706942005201759 00102ddc40708HISTORYaMESbMEScISLd2019-02-20g280.00l3o956.9405092 PEL/Gp38765r2023-09-04 15:30:40s2023-08-22w2019-02-20yBKzGL44R4 c23415d2341518806485OSt20201012105815.0151005t20162016vauab b 000 0aeng d a9789380081571 coclc04a956.9405092bPEL/G aPeled, Mikoeauthor.9201814aGeneralinte Maghan = The General's son :bjourney of an Israeli in Palestine /cMiko Peled ; with a foreword by Alice Walker.30aJourney of an Israeli in Palestine aSecond edition. 1aKozhikode:bOther Books,c2016. 4c©2016 a315p atextbtxt2rdacontent aunmediatedbn2rdamedia avolumebnc2rdacarrier a"A powerful account, by Israeli peace activist Miko Peled, of his transformation from a young man who'd grown up in the heart of Israel's elite and served proudly in its military into a fearless advocate of nonviolent struggle and equal rights for all Palestinians and Israelis. His journey is mirrored in many ways the transformation his father, a much-decorated Israeli general, had undergone three decades earlier. Alice Walker contributed a foreword to the first edition in which she wrote, "There are few books on the Israel/Palestine issue that seem as hopeful to me as this one." In the new Epilogue he takes readers to South Africa, East Asia, several European countries, and the West Bank, Gaza, and Israel itself."--Amazon.com.10aPeled, Miko. 0aChildren of military personnelzIsraelvBiography. 0aPacifistszIsraelvBiography. 0aArab-Israeli conflict. 7aBIOGRAPHY & AUTOBIOGRAPHY / Political.2bisacsh 7aHISTORY / Middle East / Israel.2bisacsh 7aPOLITICAL SCIENCE / Peace.2bisacsh 4aAutobiographies. 7aAutobiographies.2lcgft1 aWalker , Aliced1944-ewriter of foreword.92044 2ddccBKh956.9405092iPEL/Gk956.9405092mPEL/G